| 000 | 00472nam a22001937a 4500 | ||
|---|---|---|---|
| 003 | MPLRDC | ||
| 005 | 20220104113710.0 | ||
| 008 | 210129b ||||| |||| 00| 0 eng d | ||
| 020 | _a957-9492-17-4 | ||
| 082 | _a177 MAR | ||
| 100 | _aURSULA MARKHAM | ||
| 245 |
_a飞抵圣境 _c陈冷 译 |
||
| 250 | _a初版 | ||
| 260 |
_a台湾 _b九仪出版社 _c1996 |
||
| 300 | _b236 | ||
| 490 | _a成功轨迹探索系列: 5 | ||
| 650 | _a自我肯定 | ||
| 942 |
_cBK _o177 MAR |
||
| 999 |
_c1660 _d1650 |
||